Estudio de Prefactibilidad para la importación y distribución de máquinas para realizar ejercicios
El presente estudio pretende satisfacer un nicho de mercado demandante de los servicios de importación y distribución de maquinaria para hacer ejercicio, buscando así dar respuesta a los requerimientos de todas aquellas personas que incluyen en sus hábitos saludables el realizar actividades fís...
| Main Author: | |
|---|---|
| Other Authors: | |
| Format: | Tesis Section = Libro |
| Language: | Undetermined Spanish |
| Published: |
Managua
UNI
2020
|
| Subjects: |
| LEADER | 01189nam a2200253Ia 4500 | ||
|---|---|---|---|
| 008 | 240830s9999 xx 000 0 und d | ||
| 040 | |a BIBLIOTECA-RUPAP Mon 658.11 T315 | ||
| 041 | |a spa | ||
| 082 | |a Mon 658.11 T315 | ||
| 100 | 1 | |a Tercero Pacheco, Fausto Rene | |
| 245 | 1 | 0 | |a Estudio de Prefactibilidad para la importación y distribución de máquinas para realizar ejercicios |
| 260 | |a Managua |b UNI |c 2020 | ||
| 300 | |a 82 p. :il. | ||
| 500 | |a Contiene: anexos y CD. | ||
| 502 | |a Tesis (Ingeniero Industrial)- UNI, 2020. | ||
| 520 | 3 | |a El presente estudio pretende satisfacer un nicho de mercado demandante de los servicios de importación y distribución de maquinaria para hacer ejercicio, buscando así dar respuesta a los requerimientos de todas aquellas personas que incluyen en sus hábitos saludables el realizar actividades físicas o aquellas personas que quieran tener las maquinas más optimas en sus propios gimnasios | |
| 650 | 7 | |a ESTUDIOS DE FACTIBILIDAD | |
| 650 | 7 | |b MERCADEO | |
| 650 | 7 | |c ESTUDIO FINANCIERO | |
| 650 | 7 | |d GIMNASIOS-ASPECTOS ECONOMICOS | |
| 700 | 1 | |a Tutor: |b López Guadamuz, Juan José | |
| 942 | |c BK |2 ddc | ||
| 991 | |a TESIS | ||
| 999 | |c 17007 | ||